| 000 | 00657nam a2200241Ia 4500 | ||
|---|---|---|---|
| 003 | OSt | ||
| 005 | 20221005043942.0 | ||
| 006 | a|||||r|||| 00| 0 | ||
| 007 | ta | ||
| 008 | 221004b |||||||| |||| 00| 0 eng d | ||
| 024 | _a79204 | ||
| 037 | _cTextual | ||
| 040 |
_aCRL _cCRL _beng |
||
| 041 |
_2eng _aeng |
||
| 082 | _aO111973,3M97,BS, F7 | ||
| 100 | _aWilder Thornton | ||
| 245 | 0 | _aBridge of San Luis Rey | |
| 260 |
_aHarmondsworth _bPenguin Books Great Britain _c1927 |
||
| 300 |
_a123p. _ccm. |
||
| 650 | _aENGLISH LITERATURE | ||
| 942 |
_hO111973,3M97,BS, F7 _cTEXL _2cc |
||
| 999 |
_c952613 _d952613 |
||